Statistics for Italian football players 2015-2016 #1

Click here to take the quiz!

General Stats

  • This quiz has been taken 122 times
  • The average score is 14 of 20

Answer Stats

Player% Correct
Francesco Totti
93%
Andrea Pirlo
83%
Gianluigi Buffon
83%
Daniele De Rossi
82%
Mario Balotelli
80%
Giorgio Chiellini
79%
Marco Verratti
78%
Thiago Motta
76%
Ciro Immobile
75%
Graziano Pellè
75%
Matteo Darmian
75%
Claudio Marchisio
68%
Lorenzo Insigne
68%
Stephan El Shaarawy
68%
Luca Toni
65%
Antonio Candreva
60%
Simone Zaza
60%
Davide Santon
58%
Ricardo Montolivo
58%
Manolo Gabbiadini
40%

Score Distribution

Percentile by Number Answered

Percent of People with Each Score

Your Score History

You have not taken this quiz